Solo per una notte : romanzo /

সংরক্ষণ করুন:
গ্রন্থ-পঞ্জীর বিবরন
প্রধান লেখক: Bendini, Nicolas
বিন্যাস: গ্রন্থ
ভাষা:ইতালিয়
প্রকাশিত: Roma Playground 2024
ট্যাগগুলো: ট্যাগ যুক্ত করুন
কোনো ট্যাগ নেই, প্রথমজন হিসাবে ট্যাগ করুন!

MARC

LEADER 00000nam a22000007i 4500
003 ct
005 20251021181949.0
008 200116s2019 it |||||| ||||| |||||c
020 |a 9788899452667 
040 |c ct 
041 |a ita 
100 |a Bendini, Nicolas 
245 |a Solo per una notte :  |b romanzo /  |c Nicolas Bendini 
260 |a Roma  |b Playground  |c 2024 
942 |2 ddc  |c BK 
952 |0 0  |1 0  |2 ddc  |4 0  |6 843_920000000000000_BEN_SOL  |7 0  |9 9782  |a GE  |b GE  |d 2025-10-21  |l 0  |o 843.92 BEN SOL  |p 2063  |r 2025-10-21 17:11:00  |w 2025-10-21  |y BK  |z Donazione Mauro Carosio 
999 |c 8171  |d 8171